000 01133nam0a2200325 4500
001 RU\NLR\BIBL_A\011534008
005 20250626084833.0
010 _a978-5-94524-188-6
_d150 экз.
021 _aRU
_b2017-82523
_95891
035 _a(RuMoRGB)009442107
035 _a(NLR Aleph) 011534008
090 _a13415212
_c13415212
100 _a20171121d2017 |||y0rusy50 ca
101 0 _abak
_arus
102 _aRU
105 _a||||zzzz0|||y
200 1 _aТамйан иле - Гүзәл Башҡортостан
_fНиғмәтуллин Х. Х.
210 _aӨфө
_cДиалог
_d2017
215 _a122, [1] с.
_cил., цв. портр.
_d21
300 _aТекст баш., рус.
320 _aБиблиогр.: с. 120-121
541 1 _6z01790
_a[Родина племени тамьян].
_zrus
686 1 _aТ3(2Р-6Б)-01
700 1 _aНиғмәтуллин
_bХ. Х.
_f1954-
_gХәҙис Хәмит улы
_4070
790 1 _6z01541
_aНигматуллин
_bХ. Х.
_gХадис Хамитович
_4070
852 _aNLR
_bОНЛ
_jБашк./3-5727
942 _cBOOK
980 _aNBR
980 _aNB